| 000 | 00960pam a2200301 a 4500 | ||
|---|---|---|---|
| 999 |
_c67437 _d67437 |
||
| 001 | 990187 | ||
| 003 | ARRUPE | ||
| 005 | 20170713092349.0 | ||
| 008 | 870102s1988 nyu b s001 0 eng | ||
| 010 | _a 86030195 | ||
| 020 | _a088706549X | ||
| 020 | _a0887065503 (pbk.) | ||
| 040 |
_aDLC _cDLC _dDLC |
||
| 050 | 0 | 0 |
_aB791 _b.C18 1988 |
| 082 | 0 | 0 |
_a190 _219 |
| 100 | 1 |
_aCahoone, Lawrence E., _d1954- _933010 |
|
| 245 | 1 | 4 |
_aThe dilemma of modernity : _bphilosophy, culture, and anti-culture / _cLawrence E. Cahoone. |
| 260 |
_aAlbany, N.Y. : _bState University of New York Press, _cc1988. |
||
| 300 |
_axx, 325 p. ; _c24 cm. |
||
| 440 | 0 |
_aSUNY series in philosophy _96387 |
|
| 500 | _aIncludes index. | ||
| 504 | _aBibliography: p. 309-315. | ||
| 650 | 0 |
_aPhilosophy, Modern. _933011 |
|
| 650 | 0 |
_aCulture _xPhilosophy. _96330 |
|
| 650 | 0 |
_aHumanism. _933012 |
|
| 650 | 0 |
_aSubjectivity. _96385 |
|
| 906 |
_a7 _bcbc _corignew _d1 _eocip _f19 _gy-gencatlg |
||
| 942 |
_2lcc _cMONOGRAPH |
||